[Event "47th GER-ch Blitz 2020"]
[Site "Magdeburg"]
[Date "2020.08.15"]
[Round "4.2"]
[White "Schneider, Ilja"]
[Black "Reichmann, Hendrik"]
[Result "0-1"]
[WhiteElo "2479"]
[BlackElo "2348"]
[Annotator "TA"]
[PlyCount "144"]
[EventDate "2020.07.28"]
[EventType "tourn"]
[EventCountry "GER"]
[SourceTitle "playchess.com"]
[Source "ChessBase"]
[SourceQuality "1"]

{[%evp 9,144,36,58,45,38,21,32,1,52,55,72,64,77,80,67,71,69,20,24,39,32,4,20,16,2,0,0,-29,-31,-27,-24,-32,-32,-28,-42,-33,-29,-38,-31,-129,-117,-127,-120,-167,-162,-182,-191,-253,-233,-493,-483,-525,-486,-479,-462,-432,-384,-747,-743,-745,-368,-383,-377,-382,-378,-372,-377,-416,-414,-428,-427,-411,-366,-354,-352,-379,-379,-412,-372,-415,-382,-461,-457,-474,-483,-548,-541,-556,-544,-537,-495,-541,-520,-527,-522,-616,-599,-556,-505,-951,-694,-903,-886,-1052,-1012,-1026,-751,-1746,-1716,-1626,-1401,-1064,-539,-977,-947,-1017,-1010,-949,-726,-5804,-29942,-29982,-29982,-29978,-2537,-1354,-729,-1747,-1621,-29971,-29972,-29981,-29979,-29979,-29980,-29979,-29980]} 1. d4 g6 2. e4 Bg7 3. Nc3 d6 4. Nf3 a6 5. Bg5 h6 6. Bh4 {B06: Modern Defence.} b5 7. a4 b4 8. Nd5 {White is slightly better.} a5 (8... Nc6 $11) 9. Bc4 $14 g5 10. Bg3 e6 11. Ne3 Nf6 12. Nd2 Bb7 {[#]} 13. e5 $146 (13. Bd3 {keeps more tension.} Nc6 14. c3 Ne7 15. O-O O-O 16. cxb4 axb4 17. a5) ({Predecessor:} 13. Bd3 Na6 14. e5 Nd5 15. Nec4 Nf4 16. Bxf4 gxf4 17. Nxa5 Bd5 18. Bb5+ Kf8 19. Nc6 {1-0 (34) Vera Cruz,A (2289)-Dempster,D (1729) ICCF email 2012}) 13... dxe5 $1 14. dxe5 Ne4 15. Nxe4 Qxd1+ 16. Rxd1 Bxe4 17. h4 Bc6 18. Bb5 Bxb5 19. axb5 Nd7 20. Nc4 Rb8 21. b6 Nxb6 22. Nxa5 Nd7 23. Nc4 Rb5 {[%cal Rd7e5]} 24. f4 {White is now going downhill.} (24. Kf1 $15) 24... gxf4 $17 25. Bxf4 Nxe5 26. Bxe5 Bxe5 27. Ke2 Rg8 28. Kf2 (28. Kf3 {might work better.}) 28... Bf6 29. Ra1 $2 (29. g3) 29... Rf5+ $19 30. Ke3 Rg3+ 31. Kd2 Rxg2+ 32. Kc1 Rc5 33. Ne3 $2 (33. Ra8+ Ke7 34. b3) 33... Re2 34. Rh3 b3 (34... Bd4 $142 35. Ra4 Rxe3 36. Rxe3 Bxe3+ 37. Kd1 Rc4) 35. Kd1 bxc2+ 36. Kxe2 {[#] aiming for Rc1.} c1=Q 37. Rxc1 Rxc1 {[%mdl 4096] Endgame KRB-KRN} 38. Ng4 Bg7 39. Rb3 h5 40. Ne3 Rc5 41. Rb8+ Ke7 42. b3 Bd4 {Strongly threatening ...Re5.} 43. Nc4 Rf5 44. Kd3 Bf6 45. Rc8 Kd7 46. Rf8 Bxh4 47. Ne3 Rf3 {White must now prevent ...Bg5.} 48. Ke4 Rf2 49. Rh8 Bg5 50. Nc4 Rf4+ 51. Kd3 h4 52. Ne5+ Kd6 53. Nc4+ Ke7 54. Rc8 (54. Nd2 $142) 54... Rf3+ 55. Ke4 Rxb3 56. Rxc7+ Kf6 57. Nd6 Rb4+ 58. Kd3 h3 59. Rxf7+ Kg6 60. Rf1 Bf6 61. Ne4 Be5 62. Rg1+ Kf5 63. Rf1+ Kg4 64. Rf7 h2 65. Rh7 Rd4+ 66. Ke3 {[#]} Rd5 (66... Rxe4+ $142 $1 67. Kxe4 Bg3 68. Kd4 Bh4 69. Ke5 h1=Q 70. Rg7+ Kh5 71. Rd7 Qc6 72. Rh7+ Kg5 73. Rg7+ Kh6 74. Rf7 Kg6 75. Rf1 Qd5+ 76. Kf4 Qf5+ 77. Ke3 Qxf1 78. Kd4 Qc1 79. Ke5 Qd2 80. Ke4 Qc3 81. Kf4 Bf2 82. Kg4 Qg3#) 67. Nf2+ Kg5 68. Ne4+ Kg6 69. Rh3 Ra5 {Black mates.} 70. Kf2 Ra2+ 71. Kf1 Ra1+ 72. Kg2 Rg1+ {Accuracy: White = 41%, Black = 81%.} 0-1

[Event "47th GER-ch Blitz 2020"]
[Site "Magdeburg"]
[Date "2020.08.15"]
[Round "4.3"]
[White "Siebarth, Raiko"]
[Black "Svane, Rasmus"]
[Result "0-1"]
[WhiteElo "2333"]
[BlackElo "2613"]
[Annotator "TA"]
[PlyCount "38"]
[EventDate "2020.07.28"]
[EventType "tourn"]
[EventCountry "GER"]
[SourceTitle "playchess.com"]
[Source "ChessBase"]
[SourceQuality "1"]

{[%evp 9,38,-10,1,1,5,2,9,1,25,16,15,-2,12,-54,3,-123,-126,-125,-122,-461,-458,-474,-500,-679,-604,-652,-639,-630,-622,-605,-574]} 1. e4 c6 2. Nc3 d5 3. f4 dxe4 4. Nxe4 Nf6 5. Nf2 Qc7 6. g3 {[#] B11: Caro-Kann: Two Knights Variation.} Bf5 $146 ({Predecessor:} 6... g6 7. Nf3 Bg7 8. Bg2 O-O 9. O-O Ng4 10. h3 Nxf2 11. Rxf2 c5 12. d3 Nc6 13. c3 b6 {0-1 (56) Perez Candelario,M (2498)-Illescas Cordoba,M (2618) Seville 2004}) 7. Bg2 e6 8. Nf3 {The position is equal.} Bd6 9. O-O Nbd7 10. b3 O-O-O 11. Bb2 (11. d4 $11) 11... h5 ({Better is} 11... h6 $15) 12. h4 {[#]} (12. Nh4 $11) 12... e5 $1 $36 {[%mdl 2048] Black is really pushing.} 13. fxe5 Nxe5 14. Re1 $2 {[%mdl 8192]} (14. Nxe5 $17 Bxe5 15. Bxe5 Qxe5 16. Qf3) 14... Neg4 $19 {Black is clearly winning.} 15. Nxg4 Nxg4 ({Less strong is} 15... hxg4 16. Ne5 $19) ({Weaker is} 15... Bxg4 16. d4 $19) 16. Nd4 Bd7 17. Qf3 Bxg3 {[%mdl 64] [#] Double Attack} 18. Re2 Bxh4 19. Bh3 Bf6 {White did not feel at home in the position after the opening. Accuracy: White = 48%, Black = 91%.} 0-1

[Event "47th GER-ch Blitz 2020"]
[Site "Magdeburg"]
[Date "2020.08.15"]
[Round "4.4"]
[White "Hess, Max"]
[Black "Koch, Thomas"]
[Result "0-1"]
[WhiteElo "2378"]
[BlackElo "2461"]
[Annotator "RC"]
[PlyCount "58"]
[EventDate "2020.07.28"]
[EventType "tourn"]
[EventCountry "GER"]
[SourceTitle "playchess.com"]
[Source "ChessBase"]
[SourceQuality "1"]
[TimeControl "180+2"]

1. e4 {[%emt 0:00:00]} c5 {[%emt 0:00:00]} 2. Nf3 {[%emt 0:00:02]} d6 {[%emt 0:00:01]} 3. d4 {[%emt 0:00:01]} cxd4 {[%emt 0:00:01]} 4. Qxd4 {[%emt 0:00:01]} a6 {[%emt 0:00:01]} 5. h3 {[%emt 0:00:02]} Nc6 {[%emt 0:00:01]} 6. Qe3 {[%emt 0:00:01]} g6 {[%emt 0:00:04]} 7. c4 {[%emt 0:00:02]} Bg7 {[%emt 0:00:01]} 8. Nc3 {[%emt 0:00:02]} Nf6 {[%emt 0:00:02]} 9. Be2 {[%emt 0:00:02]} O-O {[%emt 0:00:05]} 10. O-O {[%emt 0:00:01]} Nd7 {[%emt 0:00:03]} 11. b3 {[%emt 0:00:12]} Nde5 {[%emt 0:00:06]} 12. Nd2 {[%emt 0:00:15]} Nb4 {[%emt 0:00:14]} 13. Rb1 {[%emt 0:00:34]} Nc2 {[%emt 0:00:07]} 14. Qg3 {[%emt 0:00:03]} Nd4 {[%emt 0:00:08]} 15. Bd1 {[%emt 0:00:04]} e6 {[%emt 0:00:10]} 16. Bb2 {[%emt 0:00:24]} b5 {[%emt 0:00:10]} 17. f4 {[%emt 0:00:39]} Nec6 {[%emt 0:00:04]} 18. Kh1 {[%emt 0:00:11]} f5 {[%emt 0:00:14]} 19. Ne2 {[%emt 0:00:10]} Nxe2 {[%emt 0:00:18]} 20. Bxe2 {[%emt 0:00:01]} Nd4 {[%emt 0:00:09]} 21. Bd3 {[%emt 0:00:05]} Bb7 {[%emt 0:00:06]} 22. Rfe1 {[%emt 0:00:09]} Qa5 {[%emt 0:00:07]} 23. Qe3 {[%emt 0:00:10]} e5 {[%emt 0:00:09]} 24. fxe5 {[%emt 0:00:10]} dxe5 {[%emt 0:00:01]} 25. exf5 {[%emt 0:00:01]} gxf5 {[%emt 0:00:07]} 26. Bxd4 {[%emt 0:00:09]} exd4 {[%emt 0:00:01]} 27. Qe6+ {[%emt 0:00:02]} Kh8 {[%emt 0:00:03]} 28. Re2 {[%emt 0:00:06]} Qc3 {[%emt 0:00:18]} 29. Bxf5 {[%emt 0:00:08]} Bc8 {[%emt 0:00:08]} 0-1

[Event "47th GER-ch Blitz 2020"]
[Site "Magdeburg"]
[Date "2020.08.15"]
[Round "4.5"]
[White "Kopylov, Michael"]
[Black "Meier, Georg"]
[Result "0-1"]
[WhiteElo "2407"]
[BlackElo "2621"]
[Annotator "TA"]
[PlyCount "48"]
[EventDate "2020.07.28"]
[EventType "tourn"]
[EventCountry "GER"]
[SourceTitle "playchess.com"]
[Source "ChessBase"]
[SourceQuality "1"]

{[%evp 12,48,-4,-9,6,0,0,-29,-37,-48,-52,-79,-83,-107,-58,-53,-45,-62,-33,-153,-161,-580,-423,-394,-139,-218,-193,-202,-187,-197,-147,-193,-196,-185,-197,-220,-219,-285,-277]} 1. d4 e6 2. c4 b6 3. g3 Bb7 4. Nf3 Bb4+ 5. Nc3 Nf6 6. Bg2 Bxc3+ 7. bxc3 Nc6 $5 {[%mdl 4] An interesting side line. E21: Nimzo-Indian: 4 Nf3.} 8. O-O Na5 9. c5 d6 {Black has an edge.} 10. Bf4 O-O {[#]} 11. Qd3 $146 ({Predecessor:} 11. cxd6 cxd6 12. Bg5 h6 13. Bxf6 Qxf6 14. Re1 Rac8 15. Qd3 Rc7 16. Nd2 Bxg2 17. Kxg2 {0-1 (54) Teske,H (2203)-Raap,C (2376) Remote email 2012}) 11... Be4 12. Qb5 dxc5 13. dxc5 Qe7 14. Rfd1 Bc6 15. Qa6 ({Better is} 15. Qb4 $15 Rfe8 16. cxb6 axb6 17. Bg5) 15... Qxc5 $17 {[#] White must now prevent ...Bb5.} 16. Ne5 $2 (16. Qd3) 16... Bxg2 17. Kxg2 Nd5 $2 (17... g5 $19 {is more deadly.} 18. Bxg5 Qxe5 19. Bxf6 Qxf6) 18. c4 (18. e4 $17 Nxf4+ 19. gxf4) 18... Nxf4+ {[%mdl 64] [#] Discovered Attack} 19. gxf4 f6 20. Nf3 Rf7 ({Resist} 20... Qxc4 21. Qxc4 Nxc4 22. Rdc1 $17) 21. Qb5 Qxc4 22. Qxc4 Nxc4 23. Nd4 e5 24. Nb5 a6 {Accuracy: White = 30%, Black = 59%.} 0-1

[Event "47th GER-ch Blitz 2020"]
[Site "Magdeburg"]
[Date "2020.08.15"]
[Round "4.6"]
[White "Berger, Steve"]
[Black "Frischmann, Rick"]
[Result "1-0"]
[WhiteElo "2408"]
[BlackElo "2347"]
[Annotator "TA"]
[PlyCount "79"]
[EventDate "2020.07.28"]
[EventType "tourn"]
[EventCountry "GER"]
[SourceTitle "playchess.com"]
[Source "ChessBase"]
[SourceQuality "1"]

{[%evp 9,79,54,59,64,65,55,43,55,75,75,67,67,58,69,62,33,54,52,49,52,56,48,56,50,448,448,443,429,437,429,429,429,429,429,499,436,418,413,829,427,389,355,333,298,304,169,164,159,168,159,419,192,191,120,189,147,145,145,139,145,149,49,49,49,49,49,64,0,78,84,5181,2204]} 1. e4 d5 2. exd5 Qxd5 3. Nc3 Qd6 4. d4 Nf6 5. Nf3 Nc6 6. Nb5 {B01: Scandinavian Defence.} Qd8 7. c4 a6 8. Nc3 {[#] White is slightly better.} g6 $146 ({Predecessor:} 8... e6 9. a3 b6 10. Be2 Bb7 11. O-O Bd6 12. Bg5 h6 13. Bh4 O-O 14. b4 Re8 {0-1 (33) Markidis,K (2148)-Sunilduth Lyna,N (2618) chess.com INT 2020}) 9. h3 Bg7 10. Be2 O-O 11. O-O e6 12. Be3 b6 13. Ne5 Nxe5 14. dxe5 {Strongly threatening Qxd8.} Nd7 15. f4 $1 $36 {[%mdl 2048] White is more active.} Bb7 16. Bf3 Qc8 $2 {[%mdl 8192]} (16... Bxf3 $14 17. Qxf3 f6) 17. Bxb7 $18 {[%mdl 64] [#] Overworked Piece} Qxb7 18. Qxd7 Rfd8 19. Qe7 Rd3 20. Bf2 Bf8 21. Qh4 ({Much less strong is} 21. Qg5 h6 $18) 21... Rd2 22. b3 Bb4 23. Rac1 ({Not} 23. Qg3 Rad8 $18) 23... Rad8 (23... Bxc3 $142 24. Rxc3 Rad8) 24. Nb1 R2d3 25. a3 Bf8 26. Rc3 Rd1 {Black wants to play ...Rxf1+.} 27. Qg4 (27. Re1 $142) 27... Rxf1+ 28. Kxf1 {aiming for Qe2.} Qe4 29. Rc1 Rd3 $2 (29... Qd3+ $16 30. Qe2 Qxb3) 30. Qe2 (30. Nc3 $142 Qa8 31. Qe2 Bxa3 32. Qxd3 Bxc1 33. Qd7) 30... Qxf4 31. Rc3 ({Better is} 31. Qxd3 $18 Qxc1+ 32. Ke2) 31... Rd7 (31... Rxc3 $16 {might work better.} 32. Nxc3 Qc1+ 33. Nd1 Qb1) 32. g3 Qf5 {[#]} 33. Nd2 $1 Qxh3+ 34. Kg1 Bxa3 35. Rd3 (35. Ne4 $16 Be7 36. g4) 35... Rxd3 $14 36. Qxd3 {Ne4 is the strong threat.} Kg7 37. Ne4 {Hoping for Nf6.} Qf5 38. Kg2 ({White should play} 38. Be3 $14) 38... Be7 (38... Bb2 $11) 39. c5 $16 Qxe5 $2 {[%mdl 8192]} (39... Kf8 $16) 40. Bd4 {Accuracy: White = 53%, Black = 59%.} 1-0

[Event "47th GER-ch Blitz 2020"]
[Site "Magdeburg"]
[Date "2020.08.15"]
[Round "4.7"]
[White "Schoewel, Matthias"]
[Black "Dobrikov, Marco"]
[Result "0-1"]
[WhiteElo "2218"]
[BlackElo "2290"]
[Annotator "TA"]
[PlyCount "70"]
[EventDate "2020.07.28"]
[EventType "tourn"]
[EventCountry "GER"]
[SourceTitle "playchess.com"]
[Source "ChessBase"]
[SourceQuality "1"]

{[%evp 18,70,0,0,0,0,7,-14,12,15,45,37,62,58,60,31,62,37,22,32,209,-14,0,0,0,5,8,0,0,0,0,-31,-35,-35,-28,-49,-39,-36,-48,-120,-32,-112,-108,-88,-106,-141,-138,-134,-132,-189,-173,-566,-523,-983,-968]} 1. e4 c5 2. Nf3 d6 3. Nc3 Nf6 4. Be2 a6 5. a4 e6 6. O-O b6 7. d4 cxd4 8. Nxd4 Bb7 9. f3 Nbd7 10. Be3 Qc7 {B84: Sicilian Scheveningen: 6 Be2 a6, lines without early Be3.} 11. Qe1 Be7 12. Qf2 O-O {The position is equal.} 13. g4 {[#]} d5 $146 {[%cal Rd5e4]} ({Predecessor:} 13... g6 14. Rad1 e5 15. Nb3 Ne8 16. Nd2 Bc6 17. Bc4 Ng7 18. Qe2 Nc5 19. Bd5 Ra7 20. Bxc6 Qxc6 {1-0 (57) Okrugin,S-Skomorokhin,R (2460) Yaroslavl 1995}) 14. g5 Ne8 15. exd5 exd5 16. Rad1 Bc5 17. Nf5 Qe5 18. Bxc5 bxc5 $2 {[#]} (18... Nxc5 $14 19. Nxd5 Kh8) 19. Ng3 $2 ({Much less strong is} 19. Bd3 $6 Qf4 $14) ({White must play} 19. Nxd5 $1 $18 {[%mdl 512]} Kh8 (19... Bxd5 20. Rxd5) 20. Nde7) 19... Qxg5 20. f4 Qf6 21. Nxd5 Bxd5 22. Rxd5 Nb6 23. Rxc5 Nxa4 24. Rg5 Qxb2 25. Bd3 h6 $36 {[%mdl 2048] White is under pressure.} 26. Rg4 {Threatens to win with f5.} Nf6 27. Rh4 Qb6 28. Nf5 (28. Qxb6 $15 Nxb6 29. Kh1) 28... Kh8 (28... Rfd8 $17 29. Qxb6 Nxb6) 29. Kh1 (29. Qxb6 $15 Nxb6 30. Rf3) 29... Qxf2 $17 30. Rxf2 Nc5 31. Rg2 {Hoping for Nxh6!} Nxd3 32. Rxg7 Nf2+ {[#]} 33. Kg2 {[#]} (33. Kg1 $1 $17 {[%mdl 512] was called for.} h5 34. Kxf2) 33... N2g4 $1 $19 {Strongly threatening ...Ne3+!} 34. Rgxg4 $2 (34. Rg5 {nothing else works.}) 34... Nxg4 35. Nxh6 Nxh6 {Accuracy: White = 44%, Black = 67%.} 0-1

[Event "47th GER-ch Blitz 2020"]
[Site "Magdeburg"]
[Date "2020.08.15"]
[Round "4.8"]
[White "Stein, Robert"]
[Black "Zelbel, Patrick"]
[Result "1/2-1/2"]
[WhiteElo "2325"]
[BlackElo "2448"]
[Annotator "TA"]
[PlyCount "36"]
[EventDate "2020.07.28"]
[EventType "tourn"]
[EventCountry "GER"]
[SourceTitle "playchess.com"]
[Source "ChessBase"]
[SourceQuality "1"]

{[%evp 16,36,32,27,29,28,24,17,30,29,56,44,35,0,0,0,21,20,20,19,23,21,22]} 1. d4 Nf6 2. c4 e6 3. Nf3 c5 4. Nc3 d5 5. cxd5 exd5 6. g3 Nc6 7. Bg2 cxd4 8. Nxd4 Bc5 9. Nb3 Bb6 $1 {9...Bb6 is better than 9...Bb4. D33: Tarrasch Defence: 6 g3 sidelines.} 10. O-O d4 11. Na4 O-O 12. Bg5 {[#]} Bg4 $146 ({Predecessor:} 12... Re8 13. Re1 h6 14. Bxf6 Qxf6 15. Nxb6 axb6 16. Bxc6 bxc6 17. Qxd4 Qxd4 18. Nxd4 c5 {½-½ (53) Esipenko,A (2682)-Matlakov,M (2685) chess.com INT 2020}) 13. Nxb6 axb6 14. Bxc6 bxc6 15. Qxd4 Bxe2 16. Rfe1 Bf3 17. Bxf6 Qxf6 18. Qxf6 gxf6 1/2-1/2

[Event "47th GER-ch Blitz 2020"]
[Site "Magdeburg"]
[Date "2020.08.15"]
[Round "4.9"]
[White "Krause, Benedict"]
[Black "Wichmann, Cliff"]
[Result "1-0"]
[WhiteElo "2425"]
[BlackElo "2305"]
[Annotator "TA"]
[PlyCount "63"]
[EventDate "2020.07.28"]
[EventType "tourn"]
[EventCountry "GER"]
[SourceTitle "playchess.com"]
[Source "ChessBase"]
[SourceQuality "1"]

{[%evp 16,63,16,23,27,18,33,27,45,-16,-18,-32,-15,0,0,0,0,-10,73,85,100,8,60,43,254,247,243,162,162,156,180,184,237,241,361,202,191,197,289,238,220,41,74,14,37,16,295,289,295,29]} 1. e4 e6 2. d4 d5 3. Nc3 Nf6 4. e5 Nfd7 5. f4 c5 6. Nf3 Nc6 7. Be3 Be7 8. Qd2 O-O 9. dxc5 Qa5 {C11: French: Classical System: 4 e5 and 4 Bg5 dxe4.} 10. O-O-O {10.a3 is the modern continuation.} b6 11. Bb5 Bb7 {White has an edge.} 12. cxb6 (12. Kb1 $14) 12... axb6 $11 13. Nd4 Rfc8 $1 14. Nb3 Qa7 $1 {[#]} 15. Kb1 $146 {[%mdl 2048] White is pushing.} ({Predecessor:} 15. Qf2 Nc5 16. Nd4 Nb4 17. a4 Ba6 18. Kd2 Bxb5 19. axb5 Na2 20. Ra1 Nxc3 21. Rxa7 {½-½ (42) Kukel,I (2253)-Wichmann,C (2297) Germany 2018}) 15... Bb4 16. a3 Bxc3 (16... d4 $11 {keeps the balance.} 17. Nxd4 Nxd4 18. Bxd4 Bxa3) 17. Qxc3 $16 Ncxe5 18. Qb4 (18. Qe1 $1 $16 Nc6 19. f5) 18... Nc4 (18... Nc6 $11 19. Qd6 Nf6 20. Bxc6 Rxc6) 19. Bxd7 $14 Nxe3 $2 ({Black should try} 19... Rc7 $14) 20. Bxc8 $18 Rxc8 21. Rd2 {[%cal Bd1d2,Bd2f2,Bf2f3,Bf3d3][%mdl 32]} Ba6 22. Re1 Nc4 23. Rf2 b5 (23... Qc7 {was worth a try.} 24. Rf3 Nd6) 24. Rf3 d4 (24... Bb7 $142 25. Qe7 Qb6) 25. f5 (25. Rd3 $142) 25... e5 26. f6 {Black must now prevent fxg7.} g6 (26... Qc7 {was necessary.} 27. fxg7 Ne3) 27. Rd3 {And now Nxd4! would win.} Qc7 28. Rc1 $2 (28. Nxd4 $18 exd4 29. Rxd4) 28... Qc6 {[#]} 29. Qe7 ({White should play} 29. Rf3 $1 $16) 29... Re8 $1 $11 {[%cal Re8e7]} 30. Qa7 Qxf6 $2 {[%mdl 8192]} (30... Rf8 $11) 31. Rf3 $18 Qe6 {[#]} 32. Re1 $2 {[%mdl 32768] Accuracy: White = 43%, Black = 45%. . Loss on time!?} (32. Nc5 $1 $18 {[%cal Rc5e6]} Nd2+ 33. Ka1) 1-0

[Event "47th GER-ch Blitz 2020"]
[Site "Magdeburg"]
[Date "2020.08.15"]
[Round "4.10"]
[White "Muranyi, Karl-Jasmin"]
[Black "Barzen, Pascal"]
[Result "0-1"]
[WhiteElo "2331"]
[BlackElo "2321"]
[Annotator "TA"]
[PlyCount "84"]
[EventDate "2020.07.28"]
[EventType "tourn"]
[EventCountry "GER"]
[SourceTitle "playchess.com"]
[Source "ChessBase"]
[SourceQuality "1"]

{[%evp 9,84,12,0,9,8,-22,6,-14,0,-18,41,60,56,25,26,12,31,3,9,0,0,-14,0,-5,0,-4,6,-10,-12,-8,0,-23,-17,-48,-45,-70,-67,-72,-47,-66,-58,-154,0,0,8,0,19,0,0,0,0,-75,-64,-66,-45,-248,-250,-422,-437,-411,-434,-425,-430,-510,-518,-695,-617,-1010,-877,-816,-772,-919,-908,-2325,-1515,-1769,-1528]} 1. d4 Nf6 2. c3 e6 3. Bf4 b6 {[#]} 4. a4 $146 ({Predecessor:} 4. e3 Bb7 5. Nd2 Be7 6. h3 O-O 7. Bh2 c5 8. Ngf3 Nc6 9. Bd3 d5 10. O-O Bd6 {½-½ (62) Lewtak,D (2358)-Markowski,T (2561) Suwalki 2018}) 4... a6 5. Nd2 Bb7 6. e3 {A45: Trompowsky Attack.} Be7 7. Ngf3 c5 8. Be2 {The position is equal.} O-O 9. O-O Ne4 (9... Nh5 $11) 10. Nxe4 $14 Bxe4 11. Nd2 (11. a5 $5) 11... Bb7 12. Bf3 d5 13. Be2 Nd7 14. Nf3 Nf6 15. Bg5 Nd7 16. Bxe7 Qxe7 17. Bd3 e5 18. Bf5 e4 $36 {[%mdl 2048] White is under pressure.} 19. Nd2 Nf6 20. Qb3 Qc7 21. Qa3 a5 22. dxc5 bxc5 23. Nb3 Bc8 24. Bxc8 Rfxc8 25. c4 {[#]} (25. h3 $15) 25... Qb6 $2 ({Black should try} 25... Ng4 $1 $17 {[%csl Gg4][%cal Rc7h2]} 26. g3 dxc4) 26. cxd5 $11 Nxd5 {[%cal Bf6d5,Bd5b4,Bb4d3][%mdl 32]} 27. Nd2 Nb4 {And now ...Nc2 would win.} 28. Rac1 Nd3 29. Rc2 Qe6 30. Qb3 (30. b3 $11 {keeps the balance.}) 30... Qxb3 $17 31. Nxb3 Rcb8 32. Nxc5 $2 {[#] Now White is beyond hope.} ({Better is} 32. Nd2 $15) 32... Rc8 $1 $19 33. Nxd3 $2 (33. b4 {was necessary.} axb4 34. Nxd3 Rxc2 35. Nxb4) 33... Rxc2 {[%mdl 4096] Endgame KRR-KRN} 34. Nf4 Rxb2 35. h4 {Black is clearly winning.} Ra2 36. Rd1 Rxa4 37. h5 h6 38. Rd7 Rc4 39. Nd5 Rc5 40. g4 a4 {[%cal Ba5a4,Ba4a3][%mdl 32]} 41. Ne7+ Kf8 42. Nf5 a3 {Accuracy: White = 46%, Black = 89%.} 0-1

[Event "47th GER-ch Blitz 2020"]
[Site "Magdeburg"]
[Date "2020.08.15"]
[Round "4.11"]
[White "Braeuning, Rudolf Wilhelm"]
[Black "Baskin, Robert"]
[Result "0-1"]
[WhiteElo "2244"]
[BlackElo "2390"]
[Annotator "TA"]
[PlyCount "90"]
[EventDate "2020.07.28"]
[EventType "tourn"]
[EventCountry "GER"]
[SourceTitle "playchess.com"]
[Source "ChessBase"]
[SourceQuality "1"]

{[%evp 21,90,13,16,19,1,-24,18,8,20,0,24,-91,0,-51,-75,-200,-203,-452,-452,-457,-461,-453,-458,-735,-727,-804,-847,-883,-795,-860,-878,-871,-868,-868,-860,-859,-808,-803,-806,-838,-782,-1056,-1045,-1084,-1080,-1286,-1264,-1229,-1136,-1550,-1550,-5618,-5532,-5841,-5709,-5902,-5614,-2836,-2626,-29982,-29966,-9470,-8567,-29993,-29994,-29995,-29996,-29996,-29997,-29998,-29999]} 1. e4 c5 2. c3 d5 3. exd5 Qxd5 4. d4 Nf6 5. Nf3 Nc6 6. Be3 cxd4 7. cxd4 e6 8. Nc3 Qd6 9. a3 Be7 10. Bd3 O-O 11. O-O b6 12. Re1 {B22: Sicilian: 2 c3.} Bb7 13. Bc2 Rad8 14. Qd3 {The position is equal.} g6 {[#]} (14... Qb8 15. Rad1 g6 16. Bg5 Nd5 17. Ne4 Bxg5 18. Nexg5 Nf4 19. Qe3 Ne7 20. Bb3 Nf5 21. Qd2 {0-1 (35) Braeuning,R (2285)-Baskin,R (2398) Magdeburg 2019}) 15. Bb3 $146 ({Predecessor:} 15. Rad1 Rfe8 16. Bg5 Qb8 17. h3 Nh5 18. d5 Bxg5 19. Nxg5 Ne5 20. Qd4 exd5 21. Ba4 {1-0 (32) Rozentalis,E (2616)-House,G (2216) St Clement Bay 2013}) 15... Qb8 16. Bh6 (16. Rad1 $11 {remains equal.}) 16... Rfe8 (16... Nxd4 $1 $17 17. Nxd4 Ng4 {[%mdl 64] Double Attack}) 17. Rad1 (17. d5 $11) 17... Ng4 $36 {[%mdl 2048] [#] Hoping for ...Nxd4. Keeping White busy.} 18. Be3 {This move loses the game for White.} (18. Rxe6 $17 {was forced.} Kh8 19. Re4 Nxh6 20. d5) 18... Na5 $19 19. h3 $2 (19. Ba2 {keeps fighting.} Bxf3 20. gxf3 Qxh2+ 21. Kf1 Nxe3+ 22. Qxe3) 19... Nxe3 ({Not} 19... Nxb3 20. hxg4 Nc5 21. Qc2 $11) 20. Qxe3 Nxb3 21. Ne5 Na5 22. Nxf7 (22. Ne4 $142 Rf8 23. Rc1) 22... Kxf7 23. Qxe6+ Kg7 24. Qg4 Bf6 25. Ne4 Rxe4 26. Rxe4 Bxe4 27. Qxe4 Qd6 28. d5 Nb3 29. g3 Nc5 30. Qe3 Qe5 31. Qf3 Qxb2 32. d6 Qe5 33. d7 Rxd7 34. Rxd7+ Nxd7 35. h4 Nc5 36. Qc6 h5 37. Qc8 a5 38. Qc6 Qe6 39. Qc7+ Be7 40. Kh2 Ne4 41. Kg2 Qf6 42. f3 Qb2+ {Black mates.} 43. Kh3 Nf2+ 44. Kg2 Ng4+ 45. Kg1 Qf2+ {Accuracy: White = 32%, Black = 75%.} 0-1